00390nam a2200145Ia 450000500170000000800410001702000150005808200210007324500520009426000300014630000180017665000130019465000150020770000220022220241217014011.0240331s9999 xx 000 0 und d a0415072972 bKAR23952a304.2 0aEcological FeminismbEnvironmental Philosophies aNew YorkbRoutledgec1994 axiii, 209 p., aFeminism aPhilosophy aWarren, K. Jeedt